000 00389nam a2200145Ia 4500
008 210210b1996 xxu||||| |||| 00| 0 eng d
020 _a0 673 46774 0
082 _a574 WALB
100 _aWALLACE (Robert A) and Others.
245 _aBiology the science of life. Ed.4
260 _aNY
_bHarper & Collins Publishers
_c1996
300 _a1073,I-43
690 _aBiology
906 _aSG04334
999 _c115201
_d115201